| 000 | 00810nam a2200241Ia 4500 | ||
|---|---|---|---|
| 003 | GCL | ||
| 005 | 20240530105336.0 | ||
| 008 | 140319s9999 xx 000 0 ara d | ||
| 040 |
_aGCL / _cGCL |
||
| 082 | 0 | 4 |
_a370.193 _bع م |
| 100 | 1 | _aعبدالامير شمس الدين | |
| 245 | 1 | 0 |
_aالمذهب التربوى عند ابن جماعة / _cعبدالامير شمس الدين |
| 260 |
_a[S.N] : _bدار اقرا للنشر والتوزيع والطباعة ، _c1984 |
||
| 300 | _a79 | ||
| 490 |
_aموسوعة التربية والتعليم الاسلامية _v0 |
||
| 650 | 0 | 4 | _aالتعليم |
| 650 | 0 | 4 | _aالتربية |
| 650 | 0 | 4 | _aالاجتماع التربوى - علم |
| 650 | 0 | 4 | _aالاجتماع |
| 650 | 0 | 4 | _aالمدارس |
| 650 | 0 | 4 | _aالطلبة |
| 942 |
_2ddc _cBK |
||
| 999 |
_c55119 _d55119 |
||